| 000 | 01300nam a2200385Ii 4500 | ||
|---|---|---|---|
| 001 | 9781838673451 | ||
| 003 | UtOrBLW | ||
| 005 | 20210303084820.0 | ||
| 006 | m o d | ||
| 007 | cr un||||||||| | ||
| 008 | 190920t20192019enk o 001 0 eng d | ||
| 020 | _a9781838673451 (e-book) | ||
| 040 |
_aUtOrBLW _beng _erda _cUtOrBLW |
||
| 050 | 4 |
_aHF5625 _b.A38 2019 |
|
| 072 | 7 |
_aBUS001000 _2bisacsh |
|
| 072 | 7 |
_aKFC _2bicssc |
|
| 080 | _a657 | ||
| 082 | 0 | 4 |
_a657 _223 |
| 245 | 0 | 0 |
_aAdvances in accounting behavioral research. _n22 / _cedited by Khondkar E. Karim. |
| 264 | 1 | _bEmerald Publishing Limited, | |
| 300 |
_a1 online resource (vii, 156 pages) ; _ccm. |
||
| 490 |
_aAdvances in accounting behavioral research, _x1475-1488 ; _vvolume 22 |
||
| 500 | _aIncludes index. | ||
| 588 | 0 | _aPrint version record. | |
| 650 | 0 |
_aAccounting _xPsychological aspects. |
|
| 650 | 7 |
_aBusiness & Economics _xAccounting _xGeneral. _2bisacsh |
|
| 650 | 7 |
_aAccounting. _2bicssc |
|
| 700 | 1 |
_aKarim, Khondkar E., _eeditor. |
|
| 776 | _z9781838673468 | ||
| 856 | 4 | 0 | _uhttps://www.emerald.com/insight/publication/doi/10.1108/S1475-1488201922 |
| 999 |
_c29662 _d29662 |
||